| 000 | 01310nam a2200361Ia 4500 | ||
|---|---|---|---|
| 001 | dia_4822 | ||
| 003 | CHAP | ||
| 005 | 20251023154716.0 | ||
| 008 | 220117s2011 xx 000 0 und d | ||
| 010 | _a175622 | ||
| 020 | _a978-607-15-0560-6 | ||
| 040 | _cCHAP | ||
| 082 | _a658.31 C45 2011 | ||
| 100 |
_aChiavenato, Idalberto _922257 |
||
| 245 |
_aAdministración de recursos humanos : el capital humano de las organizaciones / _c Idalberto Chiavenato ; traducción Pilar Mascaró Sacristán, María del Carmen Enriqueta Hano Roa y María del Pilar Obón León |
||
| 250 | _a9a ed. | ||
| 260 |
_aMéxico : _b McGraw-Hill, _c2011 |
||
| 300 | _axiii, 421 p. | ||
| 440 |
_aEducación _935410 |
||
| 500 | _aTítulo original: Recursos humano-o capital humano das organizações | ||
| 503 | _aC/e | ||
| 504 | _aBibliografía: p. 401-407 | ||
| 590 | _aHF5549 C45 2011 | ||
| 650 |
_aAdministración de personal _9156810 |
||
| 650 |
_aPersonnel management _9156811 |
||
| 700 |
_aHano Roa, María del Carmen Enriqueta, tr. _9145392 |
||
| 700 |
_aMascaró Sacristán, Pilar, tr. _9156121 |
||
| 700 |
_aObón León, María del Pilar, tr. _9156812 |
||
| 901 | _a658.31 C45 2011 | ||
| 902 | _aM | ||
| 905 | _a5232272011 MX aMNI8222223322SPA16 | ||
| 942 |
_cLIBRO _2ddc |
||
| 999 |
_c175622 _d175622 |
||